|
|
|
|
| LEADER |
01684nam a2200409 a 4500 |
| 001 |
EBC489506 |
| 003 |
MiAaPQ |
| 005 |
20200520144314.0 |
| 006 |
m o d | |
| 007 |
cr cn||||||||| |
| 008 |
090416s2009 ne sb 001 0 eng |
| 010 |
|
|
|z 2009015839
|
| 020 |
|
|
|z 9789004175044 (hardback : alk. paper)
|
| 020 |
|
|
|z 9004175040 (hardback : alk. paper)
|
| 035 |
|
|
|a (MiAaPQ)EBC489506
|
| 035 |
|
|
|a (Au-PeEL)EBL489506
|
| 035 |
|
|
|a (CaPaEBR)ebr10372787
|
| 035 |
|
|
|a (CaONFJC)MIL260204
|
| 035 |
|
|
|a (OCoLC)593295864
|
| 040 |
|
|
|a MiAaPQ
|c MiAaPQ
|d MiAaPQ
|
| 043 |
|
|
|a e-gr---
|
| 050 |
|
4 |
|a HF375
|b .B57 2009
|
| 082 |
0 |
4 |
|a 382/.30938
|2 22
|
| 100 |
1 |
|
|a Bissa, Errietta M. A.
|
| 245 |
1 |
0 |
|a Governmental intervention in foreign trade in archaic and classical Greece
|h [electronic resource] /
|c by Errietta M.A. Bissa.
|
| 260 |
|
|
|a Leiden ;
|a Boston :
|b Brill,
|c 2009.
|
| 300 |
|
|
|a xiv, 266 p.
|
| 490 |
1 |
|
|a Mnemosyne. Supplements. History and archaeology of classical antiquity,
|x 0169-8958 ;
|v v. 312
|
| 504 |
|
|
|a Includes bibliographical references and index.
|
| 533 |
|
|
|a Electronic reproduction. Ann Arbor, MI : ProQuest, 2015. Available via World Wide Web. Access may be limited to ProQuest affiliated libraries.
|
| 651 |
|
0 |
|a Greece
|x Commerce
|x History.
|
| 651 |
|
0 |
|a Greece
|x Economic policy.
|
| 655 |
|
4 |
|a Electronic books.
|
| 710 |
2 |
|
|a ProQuest (Firm)
|
| 830 |
|
0 |
|a Mnemosyne, bibliotheca classica Batava.
|p Supplementum ;
|v 312.
|
| 830 |
|
0 |
|a Mnemosyne, bibliotheca classica Batava.
|p Supplementum.
|p History and archaeology of classical antiquity.
|
| 856 |
4 |
0 |
|u https://ebookcentral.proquest.com/lib/matrademy/detail.action?docID=489506
|z Click to View
|